| 000 | 00566nam a2200205 a 4500 | ||
|---|---|---|---|
| 005 | 20240706063900.0 | ||
| 008 | 050919s1994 es r 000 0 spa d | ||
| 020 | _a8478443614 | ||
| 035 | _aUPN01000140136 | ||
| 049 | _aCG | ||
| 050 | 4 |
_aPQ4809 A4.8 _bP3.4 |
|
| 100 | 1 |
_aCalvino, Italo, _d1923-1985 |
|
| 245 | 1 | 0 |
_aPalomar / _cItalo Calvino ; tr. Aurora Bernárdez. |
| 260 |
_aMadrid : _bSiruela, _c1994. |
||
| 300 | _a109 p. | ||
| 440 | 0 |
_aLibros del tiempo ; _v95 |
|
| 650 | 4 |
_aLiteratura italiana _95068 |
|
| 650 | 0 |
_aNovela italiana _95076 |
|
| 905 | _aLibro | ||
| 999 |
_c112284 _d112284 |
||